[Základy simultánneho tlmočenia]
Recenzia na učebnicu, ktorá obsahuje krátky súhrn historického vývoja tlmočníctva a venuje sa modernému translatologickému bádaniu. Praktická časť obsahuje spôsoby efektívneho využívania jednotlivých tlmočníckych techník v praxi.
Guardado en:
| Autor principal: | |
|---|---|
| Formato: | Capítulo de libro |
| Lenguaje: | eslovaco |
| Materias: | |
| Etiquetas: |
Sin Etiquetas, Sea el primero en etiquetar este registro!
|
MARC
| LEADER | 00000naa a2200000 4500 | ||
|---|---|---|---|
| 001 | 0240785 | ||
| 005 | 20180301113855.8 | ||
| 041 | 0 | |a slo | |
| 044 | |a SK | ||
| 245 | 1 | 0 | |a [Základy simultánneho tlmočenia] |c Mónica Sánchez Presa |
| 520 | |a Recenzia na učebnicu, ktorá obsahuje krátky súhrn historického vývoja tlmočníctva a venuje sa modernému translatologickému bádaniu. Praktická časť obsahuje spôsoby efektívneho využívania jednotlivých tlmočníckych techník v praxi. | ||
| 610 | 2 | 0 | |a recenzie |
| 610 | 2 | 0 | |a tlmočníci |
| 610 | 2 | 0 | |a tlmočníctvo |
| 610 | 2 | 0 | |a jazyky cudzie |
| 100 | 1 | |a Sánchez Presa, Mónica | |